00652nam a22001815i 450000100060000000300090000600500170001500700030003200800410003504000200007610000320009624501630012826000700029130000330036170000340039485200210042885200210044948355ES-MaACL20251003164705.0t|950714s1875 fr ||||1| fre d aCAM bspa cCAM1 aDarwin, Charles,d1809-188210aVoyage d'un naturaliste autour du monde b: fait a bord du navire le Beagle de 1831 a 1836 / cpar Charles Darwin...; traduit de l'anglais par... Ed. Barbier. aParis : bC. Reinwald et Cie., c1875 (ftypographie A. Hennuyer) a[4], VIII, 552 p. ; c24 cm.1 aBarbier, Edmond, d1834?-1880 aES-MaACLjD-4503 aES-MaACLjB-1656